[Event "RUS Cup tt"]
[Site "Sochi"]
[Date "2023.11.30"]
[Round "4.2"]
[White "Matlakov, Maxim"]
[Black "Kalegin, Evgenij"]
[Result "1-0"]
[WhiteElo "2674"]
[BlackElo "2356"]
[PlyCount "47"]
[EventDate "2023.11.27"]
[EventType "team-swiss"]
[EventRounds "7"]
[EventCountry "RUS"]
[SourceTitle "CB49_2023"]
[SourceDate "2023.12.06"]
[SourceVersion "1"]
[SourceVersionDate "2023.12.06"]
[SourceQuality "1"]
[WhiteTeam "KPRF Club"]
[BlackTeam "Russia Veterans"]
[WhiteTeamCountry "RUS"]
[BlackTeamCountry "RUS"]

1. d4 Nf6 2. c4 g6 3. Nc3 Bg7 4. e4 d6 5. Be2 0-0 6. Nf3 c6 7. 0-0 e5 8. d5 c5 9. Kh1 Ne8 10. Rg1 f5 11. exf5 gxf5 12. g4 fxg4 13. Ng5 h5 14. f3 Nf6 15. Ne6 Bxe6 16. dxe6 Qe7 17. fxg4 Qxe6 18. gxh5 Kf7 19. h6 Bh8 20. Nd5 Qf5 21. Nxf6 Bxf6 22. Qd5+ Qe6 23. Qxb7+ Qd7 24. Qd5+ 1-0